000 00330nam a2200145Ia 4500
003 OSt
008 191201s2007 xx 000 0 und d
082 _a299.93
_bROS
100 _aRONHUBBARD, L
245 0 _aScientology 8-8008
260 _aNew Delhi
_bHubbard Pub
_c2007
300 _a415
650 _aGeneral Books
942 _2ddc
_cBK
999 _c10
_d10